[Event "TUR Cup"]
[Site "Antalya"]
[Date "2019.01.28"]
[Round "2"]
[White "Dinc, Melih"]
[Black "Yasin, Hur"]
[Result "0-1"]
[WhiteElo "1729"]
[BlackElo "2004"]
[PlyCount "134"]
[EventDate "2019.01.27"]
[EventType "swiss"]
[EventRounds "11"]
[EventCountry "TUR"]
[SourceTitle "CBM 188 Extra"]
[Source "ChessBase"]
[SourceDate "2019.02.26"]
[SourceVersion "1"]
[SourceVersionDate "2019.02.26"]
[SourceQuality "1"]

1. e4 e6 2. d4 d5 3. exd5 exd5 4. c4 Nf6 5. Nf3 Bb4+ 6. Bd2 Qe7+ 7. Be2 dxc4 8. Qa4+ Nc6 9. 0-0 Bd7 10. Re1 Bxd2 11. Nbxd2 Nxd4 12. Qxc4 Ne6 13. Bd3 0-0 14. Qh4 Qd6 15. Bc2 Qf4 16. Qxf4 Nxf4 17. Ne5 Be6 18. Ne4 Nxe4 19. Rxe4 Nd5 20. Rh4 g6 21. Bb3 Rad8 22. Rc1 c6 23. Ra4 a6 24. Rd4 Rfe8 25. Rcd1 Re7 26. Nd3 Rde8 27. Nc5 Bc8 28. Kf1 Nf6 29. Rd8 Kf8 30. Rxe8+ Kxe8 31. Re1 b6 32. Rxe7+ Kxe7 33. Nd3 Nd7 34. Nb4 Bb7 35. f3 Nc5 36. Bd1 a5 37. Nc2 Ba6+ 38. Be2 Bxe2+ 39. Kxe2 Na4 40. b4 Nc3+ 41. Kd3 Nxa2 42. bxa5 bxa5 43. Kc4 Kd6 44. Nd4 a4 45. Ne2 c5 46. Kb5 a3 47. Ka4 Nb4 48. Kxa3 Nc2+ 49. Kb2 Ne1 50. Nc3 f5 51. g4 Nxf3 52. gxf5 gxf5 53. h3 Ke5 54. Na4 Kd4 55. Kc2 h5 56. Kd1 Ng5 57. Ke2 Nxh3 58. Kf3 h4 59. Nb2 c4 60. Nd1 c3 61. Ne3 Kd3 62. Nxf5 c2 63. Kg4 Nf2+ 64. Kf3 c1Q 65. Nxh4 Qe3+ 66. Kg2 Ke2 67. Kg1 Qh3 0-1

[Event "TUR Cup										"]
[Site "Antalya"]
[Date "2018.01.30"]
[Round "5"]
[White "Dinc, Melih"]
[Black "Durak, Behzat"]
[Result "1-0"]
[WhiteElo "1703"]
[BlackElo "1594"]
[PlyCount "107"]
[EventDate "2018.01.27"]
[EventType "swiss"]
[EventRounds "11"]
[EventCountry "TUR"]
[SourceTitle "CBM 182 Extra"]
[Source "ChessBase"]
[SourceDate "2018.02.23"]
[SourceVersion "1"]
[SourceVersionDate "2018.02.23"]
[SourceQuality "1"]

1. e4 e5 2. d4 Nc6 3. dxe5 Nxe5 4. Nf3 Nxf3+ 5. Qxf3 Qf6 6. Be2 Bc5 7. 0-0 Qxf3 8. Bxf3 Ne7 9. Nc3 c6 10. Rd1 0-0 11. Na4 Bb4 12. a3 Ba5 13. Nc5 Ng6 14. Nxd7 Re8 15. g3 Re7 16. Nc5 Bb6 17. Nd3 Be6 18. Be3 Bc7 19. Kg2 Rae8 20. Nf4 Nxf4+ 21. Bxf4 Bb6 22. Rd2 Rd8 23. Rad1 Rxd2 24. Rxd2 h6 25. h3 Re8 26. Be2 Ba5 27. Rd1 Bb6 28. f3 Bc5 29. b4 Be7 30. Bd6 Bd8 31. c4 Bb6 32. c5 Bd8 33. Rd4 b6 34. Bc4 Bc8 35. e5 b5 36. Bb3 a5 37. Rf4 Be6 38. Bxe6 Rxe6 39. Rd4 axb4 40. axb4 f6 41. f4 fxe5 42. Bxe5 Be7 43. Rd7 Bf6 44. Bxf6 Rxf6 45. Kf3 g6 46. Ke4 Re6+ 47. Kd4 Kf8 48. Rd6 Ke7 49. Rxe6+ Kxe6 50. Ke4 Kf6 51. g4 h5 52. gxh5 gxh5 53. f5 Kg5 54. Ke5 1-0

[Event "TUR Cup										"]
[Site "Antalya"]
[Date "2018.01.28"]
[Round "2"]
[White "Kaplan, Ebru"]
[Black "Dinc, Melih"]
[Result "1-0"]
[WhiteElo "1988"]
[BlackElo "1703"]
[PlyCount "51"]
[EventDate "2018.01.27"]
[EventType "swiss"]
[EventRounds "11"]
[EventCountry "TUR"]
[SourceTitle "CBM 182 Extra"]
[Source "ChessBase"]
[SourceDate "2018.02.23"]
[SourceVersion "1"]
[SourceVersionDate "2018.02.23"]
[SourceQuality "1"]

1. e4 c6 2. d4 d5 3. exd5 cxd5 4. c4 Nf6 5. Nc3 Nc6 6. Bg5 dxc4 7. Bxc4 Qa5 8. Bxf6 gxf6 9. Qb3 Nd8 10. Bb5+ Bd7 11. Bxd7+ Kxd7 12. Nf3 Qb6 13. Qd5+ Qd6 14. Qb5+ Qc6 15. Qd3 Rc8 16. 0-0 Kc7 17. d5 Qa6 18. Nb5+ Kb8 19. Rfc1 Rxc1+ 20. Rxc1 Bh6 21. Qc4 Nc6 22. Rc3 Rd8 23. g3 Rc8 24. dxc6 Rxc6 25. Qd3 Rxc3 26. bxc3 1-0

[Event "TUR Cup"]
[Site "Antalya"]
[Date "2017.01.31"]
[Round "5"]
[White "Ozbey, Aliasker"]
[Black "Dinc, Melih"]
[Result "0-1"]
[WhiteElo "1281"]
[BlackElo "1679"]
[PlyCount "76"]
[EventDate "2017.01.28"]
[EventType "swiss"]
[EventRounds "11"]
[EventCountry "TUR"]
[SourceTitle "CBM 176 Extra"]
[Source "ChessBase"]
[SourceDate "2017.03.02"]
[SourceVersion "1"]
[SourceVersionDate "2017.03.02"]
[SourceQuality "1"]

1. e4 e5 2. Nf3 d5 3. d4 dxe4 4. Nxe5 Bd6 5. Nc4 Be7 6. Nc3 Nf6 7. Bg5 0-0 8. h3 Re8 9. Be2 Nbd7 10. 0-0 Nb6 11. Nxb6 axb6 12. Re1 h6 13. Bf4 Bd6 14. Bxd6 Qxd6 15. Nb5 Qd8 16. c3 Nd5 17. Bc4 Nf4 18. Re3 c6 19. Na3 b5 20. Bb3 h5 21. Kh2 Qc7 22. Kh1 h4 23. Qe1 Bf5 24. Bc2 Nd5 25. Re2 Qf4 26. Nb1 g5 27. a3 Re6 28. Bb3 g4 29. hxg4 Bxg4 30. Re3 h3 31. g3 Qf5 32. Bxd5 cxd5 33. Nd2 Rf6 34. f4 exf3 35. Qf2 Qc2 36. Rb1 Raa6 37. Re5 Rae6 38. Rxe6 Rxe6 0-1

[Event "TUR Cup"]
[Site "Antalya"]
[Date "2017.01.30"]
[Round "4"]
[White "Dinc, Melih"]
[Black "Dogan, Oktay"]
[Result "1-0"]
[WhiteElo "1679"]
[BlackElo "1531"]
[PlyCount "38"]
[EventDate "2017.01.28"]
[EventType "swiss"]
[EventRounds "11"]
[EventCountry "TUR"]
[SourceTitle "CBM 176 Extra"]
[Source "ChessBase"]
[SourceDate "2017.03.02"]
[SourceVersion "1"]
[SourceVersionDate "2017.03.02"]
[SourceQuality "1"]

1. e4 d6 2. d4 Nf6 3. Bd3 e5 4. c3 Bg4 5. f3 Bh5 6. Ne2 Be7 7. Be3 c5 8. 0-0 cxd4 9. cxd4 exd4 10. Nxd4 0-0 11. Nc3 Nc6 12. Nf5 Ne5 13. Be2 Bg6 14. Nxe7+ Qxe7 15. f4 Nc6 16. f5 Nxe4 17. Nd5 Qh4 18. Rf4 Qg5 19. h4 Qg3 1-0

[Event "TUR Cup"]
[Site "Antalya"]
[Date "2017.01.28"]
[Round "1"]
[White "Koksal, Ege"]
[Black "Dinc, Melih"]
[Result "1-0"]
[WhiteElo "2344"]
[BlackElo "1679"]
[PlyCount "61"]
[EventDate "2017.01.28"]
[EventType "swiss"]
[EventRounds "11"]
[EventCountry "TUR"]
[SourceTitle "CBM 176 Extra"]
[Source "ChessBase"]
[SourceDate "2017.03.02"]
[SourceVersion "1"]
[SourceVersionDate "2017.03.02"]
[SourceQuality "1"]

1. d4 d5 2. c4 e6 3. Nc3 c6 4. Nf3 Nf6 5. Bg5 Be7 6. e3 Nbd7 7. Bd3 b6 8. 0-0 Bb7 9. cxd5 Nxd5 10. Nxd5 exd5 11. Bxe7 Qxe7 12. Qc2 Nf6 13. Ne5 Qd6 14. Rac1 0-0 15. Qa4 c5 16. b3 a6 17. Qa3 Qb8 18. Rc2 Re8 19. Nf3 Ne4 20. dxc5 Nxc5 21. Be2 Qd6 22. Nd4 Qg6 23. Rfc1 a5 24. Bf3 Re5 25. Rd2 Ba6 26. Rcd1 h5 27. Qb2 Nd3 28. Qb1 Nc5 29. Qxg6 fxg6 30. Nc6 Re4 31. Rxd5 1-0

[Event "Manavgat Turkey Cup"]
[Site "Manavgat"]
[Date "2016.02.05"]
[Round "10"]
[White "Akdagli, Gokhan"]
[Black "Dinc, Melih"]
[Result "1/2-1/2"]
[WhiteElo "1804"]
[BlackElo "1649"]
[PlyCount "72"]
[EventDate "2016.01.30"]
[EventType "swiss"]
[EventRounds "11"]
[EventCountry "TUR"]
[SourceTitle "CBM 170 Extra"]
[Source "ChessBase"]
[SourceDate "2016.02.25"]
[SourceVersion "1"]
[SourceVersionDate "2016.02.25"]
[SourceQuality "1"]

1. e4 e5 2. Nf3 d5 3. exd5 e4 4. Qe2 Nf6 5. d3 Qxd5 6. Nbd2 Be7 7. dxe4 Qc5 8. Qb5+ Nc6 9. Qxc5 Bxc5 10. Bd3 Nb4 11. 0-0 Nxd3 12. cxd3 0-0 13. d4 Bb6 14. e5 Nd5 15. Nc4 Bg4 16. Be3 Nb4 17. a3 Nd5 18. Nxb6 axb6 19. Nd2 Bf5 20. Rfe1 h6 21. Nf1 Bd3 22. Red1 Bg6 23. Rac1 Rfe8 24. Re1 Bd3 25. Ng3 Rad8 26. Ne2 Rd7 27. Nc3 Nxc3 28. Rxc3 Bf5 29. Rec1 c6 30. f3 Be6 31. Kf2 Bd5 32. g4 Kh7 33. h4 g6 34. f4 Be6 35. Rg1 Rg8 36. Rcc1 Rf8 1/2-1/2

[Event "Manavgat Turkey Cup"]
[Site "Manavgat"]
[Date "2016.02.02"]
[Round "6"]
[White "Gozubuyukoglu, Selami"]
[Black "Dinc, Melih"]
[Result "1-0"]
[WhiteElo "1805"]
[BlackElo "1649"]
[PlyCount "51"]
[EventDate "2016.01.30"]
[EventType "swiss"]
[EventRounds "11"]
[EventCountry "TUR"]
[SourceTitle "CBM 170 Extra"]
[Source "ChessBase"]
[SourceDate "2016.02.25"]
[SourceVersion "1"]
[SourceVersionDate "2016.02.25"]
[SourceQuality "1"]

1. d4 d5 2. Nf3 Nf6 3. Bg5 Bf5 4. c3 e6 5. Qb3 b6 6. Nbd2 Be7 7. Nh4 Bg6 8. Nxg6 hxg6 9. e3 0-0 10. Bxf6 gxf6 11. g3 Nd7 12. h4 Kg7 13. Bg2 c5 14. h5 f5 15. hxg6 fxg6 16. c4 Nf6 17. Qc3 Rc8 18. dxc5 Bxc5 19. Nf3 d4 20. Ng5 Qe7 21. Rh7+ Kg8 22. Rxe7 Bxe7 23. Nxe6 Rfe8 24. 0-0-0 b5 25. Bd5 b4 26. Qxd4 1-0

[Event "Manavgat Turkey Cup"]
[Site "Manavgat"]
[Date "2015.02.05"]
[Round "9"]
[White "Ibik, Halit Yavuz"]
[Black "Dinc, Melih"]
[Result "1/2-1/2"]
[WhiteElo "1790"]
[BlackElo "1579"]
[PlyCount "80"]
[EventDate "2015.01.31"]
[EventType "swiss"]
[EventRounds "11"]
[EventCountry "TUR"]
[SourceTitle "CBM 164 Extra"]
[Source "ChessBase"]
[SourceDate "2015.03.02"]
[SourceVersion "1"]
[SourceVersionDate "2015.03.02"]
[SourceQuality "1"]

1. e4 c6 2. d4 d5 3. exd5 cxd5 4. Bd3 Nf6 5. c3 Nc6 6. Bg5 e6 7. Nf3 Bd6 8. 0-0 h6 9. Bh4 Qc7 10. Nbd2 Bd7 11. Re1 0-0-0 12. b4 g5 13. Bg3 Bxg3 14. fxg3 Ne4 15. Bxe4 dxe4 16. Nxe4 f5 17. Nc5 g4 18. Ne5 Nxe5 19. Rxe5 Kb8 20. Qb3 h5 21. Rae1 h4 22. gxh4 Rxh4 23. g3 Rh3 24. Nxd7+ Rxd7 25. Qxe6 a6 26. Qxf5 Qxc3 27. Qf8+ Ka7 28. Qc5+ Qxc5 29. dxc5 a5 30. b5 Rd2 31. R1e2 Rd1+ 32. Kg2 Rb1 33. a4 Rh7 34. b6+ Ka6 35. Re8 Rxh2+ 36. Kxh2 Rh1+ 37. Kg2 Rg1+ 38. Kf2 Rf1+ 39. Ke3 Rf3+ 40. Kd4 Rd3+ 1/2-1/2

[Event "Manavgat Turkey Cup"]
[Site "Manavgat"]
[Date "2015.02.03"]
[Round "6"]
[White "Dinc, Melih"]
[Black "Keskin, Cengiz"]
[Result "1-0"]
[WhiteElo "1579"]
[BlackElo "1521"]
[PlyCount "33"]
[EventDate "2015.01.31"]
[EventType "swiss"]
[EventRounds "11"]
[EventCountry "TUR"]
[SourceTitle "CBM 164 Extra"]
[Source "ChessBase"]
[SourceDate "2015.03.02"]
[SourceVersion "1"]
[SourceVersionDate "2015.03.02"]
[SourceQuality "1"]

1. e4 e5 2. d4 exd4 3. Nf3 Bb4+ 4. c3 dxc3 5. bxc3 Ba5 6. Bc4 Ne7 7. Ng5 0-0 8. Qh5 h6 9. Nxf7 Bxc3+ 10. Nxc3 Rxf7 11. Qxf7+ Kh8 12. Bg5 Nbc6 13. Nd5 Qg8 14. Nxe7 Qxf7 15. Bxf7 hxg5 16. Nxc6 bxc6 17. 0-0 1-0